Rozhodovanie v podniku s podporou Big Data

Salvato in:
Dettagli Bibliografici
Autore principale: Koman, Gabriel
Altri autori: Kubina, Milan
Natura: Libro
Lingua:slovacco
Pubblicazione: Žilina EDIS-vydavateľské centrum ŽU 2018
Edizione:1. vydanie
Soggetti:
Tags: Aggiungi Tag
Nessun Tag, puoi essere il primo ad aggiungerne!!

MARC

LEADER 00000nam a2200000 4500
001 0272184
005 20240221113150.3
020 |a 978-80-554-1517-8 
041 0 |a slo 
044 |a SK 
245 1 0 |a Rozhodovanie v podniku s podporou Big Data 
250 |a 1. vydanie 
264 1 |a Žilina  |b EDIS-vydavateľské centrum ŽU  |c 2018 
300 |a 227 s. 
610 2 0 |a podnik 
610 2 0 |a rozhodovanie podnikové 
610 2 0 |a stratégia podniková 
610 2 0 |a dáta 
610 2 0 |a systémy informačné podnikové 
610 2 0 |a systémy informačné manažérske 
610 2 0 |a hypotézy 
610 2 0 |a analýzy 
610 2 0 |a modely rozhodovania 
100 1 |a Koman, Gabriel 
700 1 |a Kubina, Milan